| 000 | 02552nam0a2200361 4500 | ||
|---|---|---|---|
| 001 | RU\NLR\BIBL_A\022604495 | ||
| 005 | 20260420052256.0 | ||
| 010 |
_a978-5-00261-308-3 _9500 |
||
| 021 |
_aRU _bКН-П-25-036850 _9КН-П-25-3617 |
||
| 035 | _a(NLR Aleph) 022604495 | ||
| 090 |
_a13682160 _c13682160 |
||
| 100 | _a20250819d2025 u y0rusy50 ca | ||
| 101 | 0 | _arus | |
| 102 | _aRU | ||
| 105 | _aa j 000yy | ||
| 181 | 0 |
_ai3 _baxxe |
|
| 182 | 0 | _an | |
| 200 | 1 |
_aПланирование и прогнозирование в АПК _eучебное пособие для обучающихся по направлению подготовки 38.03.01 Экономика _fН. П. Касторнов, И. Л. Ермаков, Е. А. Евдокимова _gМинистерство науки и высшего образования Российской Федерации, Федеральное государственное бюджетное образовательное учреждение высшего образования "Мичуринский государственный аграрный университет" |
|
| 203 |
_aТекст _bвизуальный _cнепосредственный |
||
| 210 |
_aМичуринск - наукоград РФ _cМичуринский ГАУ _d2025 |
||
| 215 |
_a116 с. _cил., табл. _d21 |
||
| 300 | _aНа обороте тит. с. авт.: д. э. н., проф. Касторнов Н. П., к. э. н., доц. Ермаков И. Л.,к. э. н., доц. Евдокимова Е. А. | ||
| 320 | _aБиблиогр.: с. 97-101 (33 назв.) и в подстроч. примеч. | ||
| 606 | 1 |
_aАгропромышленные комплексы _jУчебные издания для высших учебных заведений _xПланирование _yРоссийская Федерация _92197891 _3RU\NLR\AUTH\661320894 |
|
| 606 | 1 |
_aАгропромышленные комплексы _jУчебные издания для высших учебных заведений _xПрогнозирование _yРоссийская Федерация _92197892 _3RU\NLR\AUTH\661320895 |
|
| 686 | 1 | _aУ32(2)-434-23(2Р)я73 | |
| 700 | 1 |
_aКасторнов _bН. П. _gНиколай Петрович |
|
| 701 | 1 |
_aЕрмаков _bИ. Л. _gИгорь Львович |
|
| 701 | 1 |
_aЕвдокимова _bЕ. А. _gЕлизавета Александровна |
|
| 942 | _cBOOK | ||
| 980 | _aNB | ||